000 00355nam a2200145Ia 4500
003 OSt
005 20240219144435.0
008 170523s9999 xx 000 0 und d
020 _a978-9353167059
040 _ciimt university meerut
100 _aMUKHERJEE- A
245 0 _aFUNDAMENTAL OF ACCOUNTING
260 _bDELHI TATA MC GRAW HILL
942 _2ddc
_c02
999 _c490
_d490